000 00530nam a22001937a 4500
003 OSt
005 20160408145523.0
008 160408b xxu||||| |||| 00| 0 eng d
020 _a0132603993
040 _c040a
082 _a339
_bPRI 1998
245 _aPrinciples of macroeconomics /
_cKarl. E Case...[etal]
260 _aOntario
_bPrentice Hall
_c1998
300 _axxii, 554p;
_bcol.ill :
_c24 cm.
504 _aIncludes index
650 _aMacroeconomics
_97608
700 _aCase, Karl E...[etal]
_97609
942 _2ddc
_cSLOAN
999 _c3414
_d3414